Caricamento...
Business Communication
| Autore principale: | |
|---|---|
| Natura: | Printed Book |
| Lingua: | Undetermined |
| Pubblicazione: |
New Delhi
Pearson
2011
|
| LEADER | 00456nam a2200133Ia 4500 | ||
|---|---|---|---|
| 008 | 141017s9999 xx 000 0 und d | ||
| 020 | |a 9.78813E+12 | ||
| 082 | |a 658.45 CHA/B | ||
| 100 | |a Chaturvedi, P.D | ||
| 245 | |a Business Communication | ||
| 260 | |b Pearson |a New Delhi |c 2011 | ||
| 300 | |a xxii, 332p. | ||
| 999 | |c 112937 |d 112937 | ||
| 952 | |0 0 |1 0 |4 0 |6 658_450000000000000_CHA_B |7 0 |9 109671 |a STS |b STS |d 2012-12-04 |l 1 |o 658.45 CHA/B |p STS597 |r 2019-12-20 |s 2019-12-03 |w 2014-10-17 |y BK | ||